MAASAI MARA UNIVERSITY

LIBRARY CATALOGUE

Contact Us: +254 020 2685356/7 or 0774 057787

Box: 861-20500, NAROK, KENYA

Email: info@mmarau.ac.ke

The plays and sonnets : (Record no. 18486)

MARC details
000 -LEADER
fixed length control field 00811nam a22002297a 4500
001 - CONTROL NUMBER
control field 1323011
003 - CONTROL NUMBER IDENTIFIER
control field OSt
005 - DATE AND TIME OF LATEST TRANSACTION
control field 20220222020948.0
008 - FIXED-LENGTH DATA ELEMENTS--GENERAL INFORMATION
fixed length control field 160801b xxu||||| |||| 00| 0 eng d
010 ## - LIBRARY OF CONGRESS CONTROL NUMBER
LC control number 78104734
040 ## - CATALOGING SOURCE
Original cataloging agency MMU
Transcribing agency MMU
Modifying agency MMU
Language of cataloging eng
050 00 - LIBRARY OF CONGRESS CALL NUMBER
Classification number PR2754
Item number .C5 1978
100 1# - MAIN ENTRY--PERSONAL NAME
Personal name Shakespeare, William,
Dates associated with a name 1564-1616.
245 14 - TITLE STATEMENT
Title The plays and sonnets :
Statement of responsibility, etc. edited by William George Clarke [i.e. Clark] and William Aldis Wright ; with ill. by William Oakes.
Remainder of title The Great books of the Western World /
250 ## - EDITION STATEMENT
Edition statement Limited ed.
260 ## - PUBLICATION, DISTRIBUTION, ETC. (IMPRINT)
Place of publication, distribution, etc. Franklin Center, Pa. :
Name of publisher, distributor, etc. Franklin Library,
Date of publication, distribution, etc. 1978-1983, c1952.
300 ## - PHYSICAL DESCRIPTION
Extent 7 v. :
Other physical details ill. ;
Dimensions 25 cm.
650 ## - SUBJECT ADDED ENTRY--TOPICAL TERM
Topical term or geographic name as entry element The Great books
700 1# - ADDED ENTRY--PERSONAL NAME
Personal name Clark, William George,
Dates associated with a name 1821-1878.
700 1# - ADDED ENTRY--PERSONAL NAME
Personal name Wright, William Aldis,
Dates associated with a name 1831-1914.
942 ## - ADDED ENTRY ELEMENTS (KOHA)
Source of classification or shelving scheme Library of Congress Classification
Koha item type L
Holdings
Withdrawn status Lost status Source of classification or shelving scheme Damaged status Not for loan Home library Current library Date acquired Source of acquisition Total Checkouts Full call number Barcode Date last seen Price effective from Koha item type
    Library of Congress Classification     Maasai Mara University Library -Main Campus Maasai Mara University Library -Main Campus 08/01/2016 Donation   REF. PR2754 .C5 1978 201517138 08/01/2016 08/01/2016 R
    Library of Congress Classification     Maasai Mara University Library -Main Campus Maasai Mara University Library -Main Campus 08/01/2016 Donation   REF. PR2754 .C5 1978 201517140 08/01/2016 08/01/2016 L
© 2016 Maasai Mara University.